Magyarországi LMBTQI+ emberek körében megélt munkahelyi diszkrimináció

Bibliográfiai részletek
Szerző: Hantosi Koppány Norbert
További közreműködők: Rajnai Eszter
Dokumentumtípus: Diplomadolgozat
Kulcsszavak:diszkrimináció
fejlesztés szervezetei
kisebbségek
mentális folyamatok
munkahely
Online Access:http://dolgozattar.uni-bge.hu/60232

MARC

LEADER 00000nta a2200000 i 4500
001 dolg60232
005 20260409150154.0
008 260409suuuu hu om 000 hun d
040 |a BGE Dolgozattár Repozitórium  |b hun 
041 |a hu 
100 1 |a Hantosi Koppány Norbert 
245 1 0 |a Magyarországi LMBTQI+ emberek körében megélt munkahelyi diszkrimináció  |c Hantosi Koppány Norbert  |h [elektronikus dokumentum] 
520 3 |a A szakdolgozatomban a magyarországi LMBTQI+ közösség munkahelyi valóságát vizsgálom, különös tekintettel a munkahelyeken tapasztalt diszkriminációra és annak a mentális egészségre gyakorolt hatásaira. A szakirodalmi háttérre támaszkodva kutatásomban részletesen elemzem a társadalmi kisebbségi csoport tagjainak megéléseit, félig strukturált interjú és kérdőíves felmérés segítségével. Célom, hogy javaslatokat tegyek egy befogadó munkahelyi légkör kialakítására. Emellett kitértem arra is, hogy a munkahelyi közeg mennyiben képes támogatni vagy épp gátolni az LMBTQI+ munkavállalók önazonosságának megélését. Külön figyelmet fordítok az érzékenyítő tréningek szerepére, valamint a vállalati szabályzatok és jogszabályi környezet hatásaira. A dolgozat célja nem csupán a probléma feltérképezése, hanem konkrét, gyakorlatba ültethető megoldási javaslatok kidolgozása is. 
695 |a diszkrimináció 
695 |a fejlesztés szervezetei 
695 |a kisebbségek 
695 |a mentális folyamatok 
695 |a munkahely 
700 1 |a Rajnai Eszter  |e ths 
856 4 0 |u http://dolgozattar.uni-bge.hu/60232/1/Szakdolgozat-HantosiKoppa%CC%81nyNorbert%20.pdf  |z Dokumentum-elérés 
856 4 0 |u http://dolgozattar.uni-bge.hu/60232/2/Hantosi%20Kopp%C3%A1ny%20Norbert_O9BWFS_2025_05_19.pdf  |z Dokumentum-elérés 
856 4 0 |u http://dolgozattar.uni-bge.hu/60232/3/Hantosi_Kopp%C3%A1ny_Norbert_KSZ_szok%C3%A1cskinga.pdf  |z Dokumentum-elérés